Plan Melton y Plan Shultz: una crisis anunciada
Da a conocer los intentos del gobierno norteamericano por destruir la revolución nicaragüense e incentivando la desestabilización del país. Ante ello surge el Plan Melton y el Plan Shultz, como versiones internas e internacionales de la problemática que se vive en Nicaragua. SM/EL
Salvato in:
| Natura: | testo |
|---|---|
| Soggetti: | |
| Tags: |
Aggiungi Tag
Nessun Tag, puoi essere il primo ad aggiungerne!!
|
MARC
| LEADER | 00000 a a2200000 04500 | ||
|---|---|---|---|
| 001 | 6983 | ||
| 003 | |||
| 040 | |||
| 245 | |a Plan Melton y Plan Shultz: |b una crisis anunciada | ||
| 520 | |a Da a conocer los intentos del gobierno norteamericano por destruir la revolución nicaragüense e incentivando la desestabilización del país. Ante ello surge el Plan Melton y el Plan Shultz, como versiones internas e internacionales de la problemática que se vive en Nicaragua. SM/EL | ||
| 650 | |a INTERVENCION EXTRANJERA | ||
| 650 | |a REVOLUCION | ||
| 650 | |a PROCESOS DE PAZ | ||
| 650 | |a GOBIERNO | ||
| 773 | |g número 86; páginas 1-18 | ||
| 999 | |c 26737 |d 26737 | ||
